[Event "AUTO-OPEN-619"]
[Site "http://www.queenalice.com/game.php?id=195157"]
[Date "2007.4.11"]
[Round "1"]
[White "spawnwolfwolverine"]
[Black "MURILOZILZE"]
[Result "0-1"]
[WhiteElo "1680"]
[BlackElo "1863"]

1. d4 d5 2. b4 e6 3. c3 Nf6 4. Bg5 Be7 5. e3 a5 6. a3 axb4 7. cxb4 Bxb4+ 8. axb4
Rxa1 9. Bb5+ c6 10. Bd3 Qd6 11. Bxf6 Qxb4+ 12. Kf1 gxf6 13. Ne2 b6 14. f4 Ba6
15. Bxa6 Rxb1 16. Nc1 Nxa6 17. Kf2 Qb2+ 18. Kf3 Rg8 19. g3 Nb4 20. Qf1 Qc2 21.
Qh3 Qe4+ 22. Ke2 Qxh1 23. Qxh7 Rb2+ 24. Qc2 Rxc2# 0-1

[Event "AUTO-OPEN-619"]
[Site "http://www.queenalice.com/game.php?id=195158"]
[Date "2007.4.11"]
[Round "1"]
[White "MURILOZILZE"]
[Black "spawnwolfwolverine"]
[Result "1-0"]
[WhiteElo "1879"]
[BlackElo "1711"]

1. d4 d5 2. c4 b6 3. e3 c6 4. Nc3 e6 5. Nf3 Bb4 6. Qc2 Nf6 7. Bd3 Ba6 8. b3 O-O
9. Bb2 Nbd7 10. O-O Bxc3 11. Bxc3 dxc4 12. Bxc4 Bxc4 13. bxc4 a5 14. a4 c5 15.
Rfd1 Nh5 16. Rd2 Ndf6 17. dxc5 Qc7 18. cxb6 Qxb6 19. Rb1 Qc5 20. Bd4 Qf5 21.
Qxf5 exf5 22. Rb5 Ne4 23. Rdb2 f6 24. Rxf5 g6 25. Rfb5 f5 26. h3 h6 27. Ne5 g5
28. Ng6 Rfe8 29. Rb7 f4 30. Ne7+ Kf8 31. Nf5 fxe3 32. fxe3 Nhf6 33. Nxh6 Nh5 34.
Rf7# 1-0

[Event "Challenge"]
[Site "http://www.queenalice.com/game.php?id=195750"]
[Date "2007.4.12"]
[Round "-"]
[White "corinthians2"]
[Black "MURILOZILZE"]
[Result "1-0"]
[WhiteElo "2102"]
[BlackElo "1894"]

1. e4 d5 2. exd5 Qxd5 3. Nc3 Qd8 4. d4 e6 5. Nf3 Bb4 6. a3 Bxc3+ 7. bxc3 Nf6 8.
Bd3 h6 9. O-O O-O 10. Qe2 Nbd7 11. Bf4 Nd5 12. Bd2 Re8 13. Rfe1 c6 14. Qe4 Nf8
15. c4 Nf6 16. Qh4 Ng6 17. Bxg6 fxg6 18. c3 Nh5 19. Qe4 Qf6 20. Ne5 Qf5 21. Nxg6
Qxe4 22. Rxe4 Nf6 23. Re2 a6 24. Rae1 b5 25. Ne5 Bb7 26. f3 bxc4 27. Nxc4 Nd5
28. Rxe6 Rxe6 29. Rxe6 Kf7 30. Re1 Kg8 31. Nd6 Rb8 32. Rb1 Nc7 33. Rxb7 Rxb7 34.
Nxb7 Nb5 35. a4 Na3 36. Nd8 Nc4 37. Bxh6 gxh6 38. Nxc6 Kf8 39. g4 Kg7 40. Kf2
Kf6 41. h4 Nb2 42. Ke3 Ke6 43. g5 hxg5 44. hxg5 Nxa4 45. c4 Nb6 46. Kd3 Kf5 47.
f4 Kxf4 48. g6 Nd7 49. Ne5 Nf6 50. c5 Kg5 51. c6 Ne8 52. g7 Nxg7 53. c7 Ne6 54.
c8=Q Nf4+ 55. Kc4 1-0

[Event "Challenge"]
[Site "http://www.queenalice.com/game.php?id=210990"]
[Date "2007.5.15"]
[Round "-"]
[White "MURILOZILZE"]
[Black "valmir"]
[Result "1-0"]
[WhiteElo "1875"]
[BlackElo "1186"]

1. f4 e6 2. d3 Qh4+ 3. g3 Qe7 4. Bg2 c6 5. e4 Qb4+ 6. c3 Qb6 7. Nd2 Qe3+ 8. Qe2
Qb6 9. Nc4 Qd8 10. Nf3 h5 11. Be3 b5 12. Ncd2 a5 13. Qf2 Rh6 14. f5 exf5 15.
Bxh6 gxh6 16. O-O Nf6 17. Rfe1 Ng4 18. exf5+ Be7 19. Qe2 Qb6+ 20. d4 Kf8 21.
Qxe7+ Kg7 22. Ne5 Nf6 23. Qxf7+ Kh8 24. Ng6# 1-0

[Event "Challenge"]
[Site "http://www.queenalice.com/game.php?id=211414"]
[Date "2007.5.15"]
[Round "-"]
[White "AuntieRenie"]
[Black "MURILOZILZE"]
[Result "1-0"]
[WhiteElo "1330"]
[BlackElo "1875"]

1. c4 c5 2. Nc3 Nc6 3. e3 e5 4. g3 d6 5. Nd5 Nf6 6. Bg2 Be6 7. b3 Bxd5 8. cxd5
Ne7 9. e4 Nc8 10. a3 Nb6 11. d3 Be7 12. Ne2 Nfd7 13. Bd2 O-O 14. Ba5 1-0

[Event "JOGO 2"]
[Site "http://www.queenalice.com/game.php?id=224748"]
[Date "2007.6.14"]
[Round "-"]
[White "MURILOZILZE"]
[Black "valmir"]
[Result "1-0"]
[WhiteElo "1875"]
[BlackElo "1211"]

1. e4 e5 2. Nf3 d6 3. d4 exd4 4. Nxd4 Qe7 5. Bd3 Nh6 6. Bxh6 gxh6 7. Nd2 Qg5 8.
Qf3 Bg4 9. Qg3 Rg8 10. h3 Qh5 11. f3 Rg6 12. O-O-O Bd7 13. Qf2 Qc5 14. N2b3 Be7
15. g4 Qb4 16. a3 Qa4 17. Qe2 Bg5+ 18. Kb1 c6 19. Nf5 c5 20. h4 Bf6 21. Nxd6+
Kd8 22. h5 Rg8 23. Nxb7+ Kc7 24. N7xc5 Bc6 25. Qh2+ Kc8 26. Nxa4 Bxa4 27. Nc5
Bc6 28. Qd6 Rd8 29. Qxf6 Rf8 30. Qe7 Rd8 31. Ba6+ Nxa6 32. Rxd8# 1-0

[Event "AUTO-OPEN-698"]
[Site "http://www.queenalice.com/game.php?id=224834"]
[Date "2007.6.14"]
[Round "1"]
[White "maues"]
[Black "MURILOZILZE"]
[Result "1-0"]
[WhiteElo "1601"]
[BlackElo "1864"]

1. e4 e5 2. Nf3 d6 3. Bc4 h6 4. d3 Bg4 5. h3 Bh5 6. O-O Nf6 7. g4 Bg6 8. Nh2 Be7
9. f4 exf4 10. Bxf4 Qd7 11. Nc3 c6 12. a3 b5 13. Ba2 Nh7 14. Qf3 O-O 15. h4 Bxh4
16. Bg3 Bxg3 17. Qxg3 Nf6 18. Rae1 a5 19. Nf3 Qxg4 20. Qxg4 Nxg4 21. Nh4 Bh5 22.
Rf5 Nf6 23. Ref1 Bg4 24. R5f4 Bh5 25. Nf5 Kh7 26. Nxd6 Nbd7 27. d4 b4 28. Na4
bxa3 29. bxa3 Bg6 30. e5 Nd5 31. Bxd5 cxd5 32. Nc5 Ra7 33. Nxf7 Rxf7 34. Rxf7
Bxf7 35. Rxf7 Nxe5 36. Rxa7 Nf3+ 37. Kf1 Nxd4 38. c3 Nb5 39. Rxa5 Nxc3 40. Ne6
g5 41. Ra8 g4 42. a4 h5 43. a5 h4 44. Nf4 h3 45. Kg1 Kh6 46. a6 Nb5 47. Nxd5 g3
48. Rh8+ Kg5 49. Rxh3 Kg4 50. Rh7 Kf3 51. a7 Nd4 52. Rf7+ 1-0

[Event "AUTO-OPEN-698"]
[Site "http://www.queenalice.com/game.php?id=224835"]
[Date "2007.6.14"]
[Round "1"]
[White "MURILOZILZE"]
[Black "maues"]
[Result "1-0"]
[WhiteElo "1867"]
[BlackElo "1473"]

1. c4 e5 2. e4 Nc6 3. Nc3 Bc5 4. Nf3 d6 5. Be2 f5 6. O-O f4 7. Na4 b6 8. Nc3 Nf6
9. d3 O-O 10. Nd5 Nxd5 11. cxd5 Nd4 12. Kh1 Nxf3 13. Bxf3 Qh4 14. Qe2 g5 15. g3
Qh6 16. g4 Qh4 17. Kg2 Ba6 18. h3 Rac8 19. Bd2 Bd4 20. Bc3 Bc5 21. b4 Bd4 22.
Bxd4 exd4 23. a4 Bb7 24. b5 a6 25. Rfc1 axb5 26. axb5 Ra8 27. Rxa8 Rxa8 28. Rxc7
Bc8 29. e5 dxe5 30. Qxe5 Bxg4 31. Qg7# 1-0

[Event "AUTO-OPEN-698"]
[Site "http://www.queenalice.com/game.php?id=224864"]
[Date "2007.6.14"]
[Round "1"]
[White "aquiles88"]
[Black "MURILOZILZE"]
[Result "1-0"]
[WhiteElo "2072"]
[BlackElo "1875"]

1. e4 e5 2. Nf3 Nc6 3. Nc3 Nf6 4. g3 d6 5. h3 Be7 6. Bg2 Bd7 7. O-O Qc8 8. Kh2
O-O 9. d4 Nxd4 10. Nxd4 exd4 11. Qxd4 Bc6 12. b3 Nd7 13. Bb2 Bf6 14. Qd2 Ne5 15.
f4 Nd7 16. Nd5 Bxd5 17. Bxf6 Nxf6 18. exd5 Re8 19. Rae1 Qf5 20. c4 Ne4 21. Bxe4
Rxe4 22. Rxe4 h5 23. Qe2 c6 24. dxc6 bxc6 25. Re8+ Rxe8 26. Qxe8+ Kh7 27. Qxc6
Qc2+ 28. Qg2 Qxg2+ 29. Kxg2 1-0

[Event "AUTO-OPEN-698"]
[Site "http://www.queenalice.com/game.php?id=224865"]
[Date "2007.6.14"]
[Round "1"]
[White "MURILOZILZE"]
[Black "aquiles88"]
[Result "1-0"]
[WhiteElo "1837"]
[BlackElo "2172"]

1. f4 d5 2. d4 Nf6 3. Nf3 c5 4. e3 Bg4 5. c3 Nc6 6. dxc5 a5 7. a4 e6 8. h3 Bxf3
9. Qxf3 Bxc5 10. Bd2 Ne4 11. h4 Qb6 12. Bb5 Nxd2 13. Kxd2 O-O-O 14. Na3 Na7 15.
Rhe1 Bxa3 16. Rxa3 Nxb5 17. Rb3 Nd4 18. Rxb6 Nxf3+ 19. gxf3 Kc7 20. Rb5 b6 21.
b4 axb4 22. cxb4 Ra8 23. Rc1+ Kb7 24. a5 Ra6 25. axb6 Rxb6 26. Rbc5 Rf8 27. b5
h5 28. Kd3 g6 29. Kd4 Rd6 30. Ke5 Rd7 31. Rc6 Ra8 32. Rd6 Rad8 33. Rcc6 Rxd6 34.
Rxd6 Rf8 35. Kf6 Kc7 36. Ke7 Ra8 37. Ra6 Rb8 38. Kxf7 Rxb5 39. Rxe6 Kd7 40. Rxg6
Rb3 41. Rg5 Rxe3 42. Rxd5+ Kc6 43. Rxh5 Rxf3 44. Rf5 Rh3 45. h5 Rh4 46. Kg7 Kd6
47. h6 Rg4+ 48. Kf7 Rh4 49. Kg7 Rg4+ 50. Rg5 Rxf4 51. h7 Rh4 52. h8=Q Rxh8 53.
Kxh8 Ke6 54. Kg7 1-0

[Event "AUTO-INT-381"]
[Site "http://www.queenalice.com/game.php?id=245871"]
[Date "2007.7.26"]
[Round "2"]
[White "Rutty"]
[Black "MURILOZILZE"]
[Result "1-0"]
[WhiteElo "1949"]
[BlackElo "1866"]

1. e4 c5 2. Nf3 Nc6 3. d4 cxd4 4. Nxd4 e6 5. Nc3 Bc5 6. Nxc6 dxc6 7. Qxd8+ Kxd8
8. Bg5+ f6 9. O-O-O+ Ke7 10. Bh4 g5 11. Bg3 e5 12. h4 g4 13. f4 Be3+ 14. Kb1
exf4 15. Rd3 Be6 16. Be1 h5 17. b3 Nh6 18. Bd2 Bxd2 19. Rxd2 Rhd8 20. Rf2 Nf7
21. Rxf4 Rd2 22. Be2 Ne5 23. Rhf1 Rf8 24. Kc1 Rd4 25. g3 Ng6 26. R4f2 Ne5 27.
Kb2 Rd2 28. Na4 b6 29. Kc3 Rdd8 30. Nb2 a5 31. Nd3 Nxd3 32. cxd3 b5 33. a3 a4
34. bxa4 bxa4 35. Bd1 c5 36. Rb2 Rb8 37. Rff2 Bb3 38. Bxb3 Rxb3+ 39. Rxb3 axb3
40. Kxb3 Rd8 41. Kc3 Ra8 42. Kb3 Ke6 43. Rf5 Rd8 44. Kc3 Ra8 45. Rxc5 Rxa3+ 46.
Kd4 Ra4+ 47. Ke3 Ra1 48. Rxh5 Rg1 49. Kf4 Rd1 50. Rd5 f5 51. Re5+ Kd6 52. Rxf5
Rxd3 53. Rd5+ Rxd5 54. exd5 1-0

[Event "AUTO-INT-381"]
[Site "http://www.queenalice.com/game.php?id=245872"]
[Date "2007.7.26"]
[Round "2"]
[White "MURILOZILZE"]
[Black "Rutty"]
[Result "1/2-1/2"]
[WhiteElo "1853"]
[BlackElo "1962"]

1. c4 g6 2. d4 Bg7 3. Nc3 e6 4. e4 b6 5. Be3 Bb7 6. Bd3 Ne7 7. Nf3 d6 8. Qc2 c5
9. dxc5 bxc5 10. O-O O-O 11. Rab1 Nbc6 12. a3 Ne5 13. Qe2 f5 14. Nxe5 Bxe5 15.
f4 Bxc3 16. bxc3 fxe4 17. Rxb7 exd3 18. Qxd3 Nf5 19. g4 Nxe3 20. Qxe3 Qf6 21. g5
Qf5 22. Re1 e5 23. fxe5 dxe5 24. Re7 Rae8 25. Rxe8 Rxe8 26. Rf1 Qg4+ 27. Kh1
Qxc4 28. Rf6 Qd5+ 29. Rf3 Rf8 30. Kg2 Rf5 31. Kg3 Kf7 32. h4 e4 33. Rf4 Rxf4 34.
Qxf4+ Qf5 35. Qc7+ Ke6 36. Qc8+ Ke5 37. Qxc5+ Ke6 38. Qc6+ Ke5 39. Qc7+ Kd5 40.
Qd8+ Kc4 41. Qd4+ Kb3 42. Qe3 Qe5+ 43. Kg4 Qf5+ 44. Kg3 Qe5+ 45. Kg4 Qxc3 46.
Qxe4 Qc4 47. Qxc4+ Kxc4 48. Kf4 Kb3 49. Ke5 Kxa3 50. Kf6 Kb4 51. Kg7 a5 52. Kxh7
a4 53. h5 gxh5 54. g6 a3 55. g7 a2 56. g8=Q a1=Q 57. Qf8+ Kb3 1/2-1/2

[Event "AUTO-INT-381"]
[Site "http://www.queenalice.com/game.php?id=245875"]
[Date "2007.7.26"]
[Round "2"]
[White "MURILOZILZE"]
[Black "maeaton"]
[Result "0-1"]
[WhiteElo "1869"]
[BlackElo "2184"]

1. d4 d5 2. c4 e6 3. Nc3 Bb4 4. e3 Nf6 5. Nf3 O-O 6. Bd2 c5 7. a3 Bxc3 8. Bxc3
Ne4 9. Bd3 Nxc3 10. bxc3 Nd7 11. O-O Nf6 12. Ne5 b6 13. cxd5 exd5 14. dxc5 Qc7
15. Nf3 Qxc5 16. Qc2 Re8 17. Nd4 Bd7 18. Nb3 Qd6 19. Bf5 Bxf5 20. Qxf5 Ne4 21.
Nd4 Rac8 22. Nb5 Qd8 23. Rfd1 Rc5 24. a4 d4 25. Qxe4 Rxe4 26. cxd4 Rc2 27. Nxa7
Rxe3 28. fxe3 Qd5 29. Rac1 Qxg2# 0-1

[Event "AUTO-INT-381"]
[Site "http://www.queenalice.com/game.php?id=245876"]
[Date "2007.7.26"]
[Round "2"]
[White "maeaton"]
[Black "MURILOZILZE"]
[Result "1-0"]
[WhiteElo "2212"]
[BlackElo "1866"]

1. e4 d5 2. exd5 Qxd5 3. Nc3 Qd8 4. d4 e6 5. Nf3 Bb4 6. Bd3 Bxc3+ 7. bxc3 Ne7 8.
O-O O-O 9. Re1 Ng6 10. c4 Nc6 11. c3 Nce7 12. h4 Re8 13. h5 Nf8 14. h6 Neg6 15.
hxg7 Nd7 16. Bg5 f6 17. Bh6 f5 18. c5 Nf6 19. Bxf5 exf5 20. Qb3+ Nd5 21. Qxd5+
Be6 22. Qxb7 Qc8 23. c6 Qb8 24. Rab1 Qxb7 25. cxb7 Rab8 26. d5 Bd7 27. Rxe8+
Bxe8 28. Be3 Bf7 29. Bxa7 Rxb7 30. Rxb7 Bxd5 31. Rxc7 Nf4 32. Bd4 Ne2+ 33. Kf1
Nxd4 34. Nxd4 Bxa2 35. Nxf5 h5 36. Nh6+ Kh7 37. g8=Q+ Kxh6 38. Rh7# 1-0

[Event "AUTO-OPEN-619"]
[Site "http://www.queenalice.com/game.php?id=263244"]
[Date "2007.8.29"]
[Round "2"]
[White "silviopato"]
[Black "MURILOZILZE"]
[Result "1-0"]
[WhiteElo "1957"]
[BlackElo "1833"]

1. e4 e5 2. d4 exd4 3. c3 d5 4. e5 dxc3 5. Nxc3 d4 6. Ne4 Nc6 7. Nf3 Bg4 8. Qb3
Rb8 9. Bc4 Nh6 10. Bxh6 gxh6 11. Bxf7+ Ke7 12. h3 Bd7 13. e6 Be8 14. Qa3+ Qd6
15. Nxd6 cxd6 16. O-O-O Bxf7 17. exf7 Kxf7 18. Nxd4 Nxd4 19. Rxd4 Rc8+ 20. Kb1
Be7 21. Qxa7 Rc7 22. Rf4+ Kg6 23. Re1 Rhc8 24. Qd4 Bg5 25. Qxd6+ Kh5 26. Qd1+
Kg6 27. Re6+ Kg7 28. Qd4+ Kg8 29. a4 Rc1+ 30. Ka2 Bxf4 31. Qxf4 1-0

[Event "AUTO-OPEN-619"]
[Site "http://www.queenalice.com/game.php?id=263245"]
[Date "2007.8.29"]
[Round "2"]
[White "MURILOZILZE"]
[Black "silviopato"]
[Result "0-1"]
[WhiteElo "1845"]
[BlackElo "1945"]

1. c4 c5 2. e4 d6 3. g3 Nc6 4. Ne2 Nf6 5. Bg2 Bg4 6. f3 Bd7 7. d4 cxd4 8. Nxd4
Qa5+ 9. Nc3 Qb6 10. b3 Qxd4 11. Qxd4 Nxd4 12. Kd1 e5 13. Nd5 Nxd5 14. exd5 b5
15. Be3 bxc4 16. Bxd4 exd4 17. Re1+ Kd8 18. bxc4 Rc8 19. Bf1 g6 20. Bd3 Bg7 21.
Rb1 Re8 22. Re4 f5 23. Rxe8+ Kxe8 24. Rb7 a5 25. Kc2 Kd8 26. h3 Bh6 27. Kb3 Rc7
28. Rxc7 Kxc7 29. a4 Be3 30. g4 h5 31. gxh5 gxh5 0-1

[Event "AUTO-OPEN-619"]
[Site "http://www.queenalice.com/game.php?id=263250"]
[Date "2007.8.29"]
[Round "2"]
[White "MURILOZILZE"]
[Black "reginaldox"]
[Result "1-0"]
[WhiteElo "1857"]
[BlackElo "1632"]

1. d4 d5 2. Nf3 Nc6 3. e3 Bg4 4. Be2 Nf6 5. O-O e6 6. Nc3 Be7 7. a3 O-O 8. Ne5
Bxe2 9. Qxe2 a6 10. Nxc6 bxc6 11. b4 Re8 12. Na4 Bd6 13. Nc5 Bxc5 14. bxc5 e5
15. c3 exd4 16. cxd4 Qe7 17. Bd2 Ne4 18. Rab1 Qf6 19. Ba5 Qe7 20. f3 Nf6 21.
Rfe1 Qd7 22. Rb7 Qc8 23. Rxc7 Qe6 24. Bb6 Rf8 25. e4 1-0

[Event "AUTO-OPEN-619"]
[Site "http://www.queenalice.com/game.php?id=263251"]
[Date "2007.8.29"]
[Round "2"]
[White "reginaldox"]
[Black "MURILOZILZE"]
[Result "0-1"]
[WhiteElo "1650"]
[BlackElo "1864"]

1. b4 e6 2. Bb2 f6 3. e4 Bxb4 4. Nf3 Ne7 5. Be2 d6 6. O-O O-O 7. d4 c5 8. c3 Ba5
9. Qc2 cxd4 10. cxd4 Bb6 11. Nbd2 Nbc6 12. Nb3 Bd7 13. Rad1 Rc8 14. Qb1 a6 15.
Ba3 Bc7 16. d5 exd5 17. exd5 Ne5 18. Rfe1 Kh8 19. Nfd4 Nxd5 20. Qc2 Bb6 21. Qb2
Bc5 22. Bxc5 dxc5 23. Nf3 Nxf3+ 24. Bxf3 Bc6 25. Nxc5 Qb6 26. Ne6 Qxb2 27. Nxf8
Rxf8 0-1

[Event "Challenge"]
[Site "http://www.queenalice.com/game.php?id=275152"]
[Date "2007.9.21"]
[Round "-"]
[White "mateus_amorim"]
[Black "MURILOZILZE"]
[Result "1-0"]
[WhiteElo "1631"]
[BlackElo "1871"]

1. d4 g6 2. g3 Bg7 3. Bg2 d5 4. Nf3 Bg4 5. O-O Nc6 6. c3 Nf6 7. Re1 O-O 8. h3
Be6 9. Nbd2 Qc8 10. Kh2 Bf5 11. Nh4 Bd7 12. e4 Nxe4 13. Nxe4 dxe4 14. Rxe4 e6
15. Re1 Rb8 16. Be3 Ne7 17. d5 Nxd5 18. Bxd5 exd5 19. Qxd5 c6 20. Qg2 a6 21. g4
b6 22. Rac1 c5 23. Rcd1 Bc6 24. f3 Be5+ 25. Kg1 Bf6 26. Qf2 Bxh4 27. Qxh4 Bxf3
28. Bh6 Bxd1 29. Qf6 1-0